[Event "Wch U14 Girls"]
[Site "Khanty-Mansiysk"]
[Date "2016.09.24"]
[Round "3"]
[White "Vanduyfhuys, Daria"]
[Black "Makarova, Anastasiya"]
[Result "1-0"]
[WhiteElo "1810"]
[BlackElo "1471"]
[PlyCount "159"]
[EventDate "2016.09.22"]
[EventType "swiss"]
[EventRounds "11"]
[EventCountry "RUS"]
[SourceTitle "EXT 2017"]
[Source "ChessBase"]
[SourceDate "2016.10.25"]
[SourceVersion "1"]
[SourceVersionDate "2016.10.25"]
[SourceQuality "1"]

1. d4 f5 2. c4 Nf6 3. Nc3 e6 4. Nf3 Be7 5. e3 0-0 6. Bd3 b6 7. 0-0 Bb7 8. b3 h6 9. Ne5 Qe8 10. Be2 d6 11. Nd3 g5 12. Bf3 Ne4 13. Nxe4 Bxe4 14. Bb2 Nd7 15. Ne1 Nf6 16. Bxe4 Nxe4 17. d5 e5 18. Qc2 Qg6 19. f3 Nf6 20. Kh1 Kh7 21. Nd3 f4 22. Nb4 Qxc2 23. Nxc2 a5 24. exf4 gxf4 25. g3 Nd7 26. Bc1 Bg5 27. Na3 Nc5 28. Nb5 Rac8 29. Rb1 Nd3 30. Ba3 Nb4 31. Bxb4 axb4 32. g4 Rf7 33. Rf2 Ra8 34. a3 Bh4 35. Ra2 Rd7 36. Rba1 bxa3 37. Rxa3 Rxa3 38. Rxa3 Bd8 39. Ra7 Kg6 40. Rb7 Kg5 41. Na7 e4 42. Kg2 e3 43. Kf1 Kh4 44. Ke2 Kh3 45. Nc8 Kxh2 46. Nxb6 Re7 47. Na8 Kg3 48. b4 Rd7 49. Nb6 Re7 50. Nc8 Rd7 51. b5 Kg2 52. Nb6 Re7 53. Na8 Kg3 54. b6 cxb6 55. Rxe7 Bxe7 56. Nxb6 Kg2 57. Nc8 Bf8 58. Na7 Be7 59. Nb5 Kh3 60. Nd4 Kh2 61. Nf5 Bf8 62. Kf1 Kh1 63. Nh4 Be7 64. Ng6 Bg5 65. Nh8 Be7 66. Nf7 Bf8 67. Nd8 Be7 68. Ne6 Bf6 69. c5 dxc5 70. Nxc5 Be5 71. Nb7 Kh2 72. d6 Kg3 73. Ke2 Kh4 74. d7 Bf6 75. d8Q Bxd8 76. Nxd8 h5 77. gxh5 Kxh5 78. Ne6 Kg6 79. Nxf4+ Kf5 80. Kxe3 1-0